Computer systems: Architecture, networks, and communications
Gespeichert in:
| 1. Verfasser: | |
|---|---|
| Format: | Buch |
| Sprache: | Undetermined |
| Veröffentlicht: |
London, Eng
McGraw-Hill
2002
|
| Schlagworte: | |
| Tags: |
Tag hinzufügen
Keine Tags, Fügen Sie den ersten Tag hinzu!
|
| Thư viện lưu trữ: | Trung tâm Học liệu Trường Đại học Cần Thơ |
|---|
| LEADER | 00582nam a2200193Ia 4500 | ||
|---|---|---|---|
| 001 | CTU_57466 | ||
| 008 | 210402s9999 xx 000 0 und d | ||
| 020 | |b 818000 | ||
| 082 | |a 004.6 | ||
| 082 | |b C776 | ||
| 100 | |a Sebastian Coope | ||
| 245 | 0 | |a Computer systems: Architecture, networks, and communications | |
| 245 | 0 | |c Sebastian Coope, John Cowley and Neil Willis | |
| 260 | |a London, Eng | ||
| 260 | |b McGraw-Hill | ||
| 260 | |c 2002 | ||
| 650 | |a computer network architecture,computer networks | ||
| 904 | |i Minh | ||
| 980 | |a Trung tâm Học liệu Trường Đại học Cần Thơ | ||